Statistiques concernant Les animaux héros dans les films, séries télévisées et BD

Cliquez ici pour prendre le quiz!

Statistiques générales

  • Ce quiz a été pris 335 fois
  • Le résultat moyen est 11 sur 19

Statistiques - réponses

Indice Nom de l'animal % Correct
le chien de TintinMilou
96%
... et Sébastien (Mehdi)Belle
94%
chien d'ObélixIdéfix
93%
... le dauphinFlipper
87%
chien de Lucky LukeRantanplan
85%
orqueWilly
69%
chien qui porte le nom d'un musicienBeethoven
68%
le cheval de ZorroTornado
66%
...chien fidèleLassie
60%
vache de Fernandel dans le filmMarguerite
60%
chien flicRex
54%
loup - Jack London (film)Croc Blanc
45%
chimpanzé de TarzanCheetah
39%
... le kangourouSkippy
38%
loup blanc de Jon Snow (le trone de fer)Fantôme
29%
lion qui louche dans DaktariClarence
28%
Rusty et son chien (berger) - Rip MastersRintintin
28%
poneyPoly
12%
guenon espiègle dans DaktariJudy
6%

Distribution des résultats

Percentile by Number Answered

% des personnes avec chaque résultat

Votre développement - résultats

Vous n’avez pas pris ce quiz